00333 2200145 4500001002100000005001500021035002000036245004500056100000900101300001200110260003100122082000800153084001400161990001200175INLIS00000000000234620250528103609 a0010-05250006381 aDari Parangakik Ke Kampuchea /cNH. Dini0 aDini a436 hlm aJakarta :bGramedia,c2007 a813 a813 DIN d a0712344